| Tag |
First Indicator |
Second Indicator |
Subfields |
| LEADER |
00000cam a2200000 a 4500 |
| 001 |
in00000893408 |
| 005 |
20151019155547.0 |
| 008 |
890109r1989 nyua j 00011 eng |
| 010 |
|
|
|a 89002745
|
| 020 |
|
|
|a 0027828816 :
|c $13.95
|
| 035 |
|
|
|a (OCoLC)19123010
|
| 035 |
|
|
|9 AEK7773AM
|
| 040 |
|
|
|a DLC
|c DLC
|d TXA
|d UtOrBLW
|
| 049 |
|
|
|a [Curr Col] TXAM
|c [A12992773]
|
| 050 |
0 |
0 |
|a PS3569.I546
|b T87 1989
|
| 082 |
0 |
0 |
|a 811/.54
|2 19
|
| 100 |
1 |
|
|a Singer, Marilyn.
|
| 245 |
1 |
0 |
|a Turtle in July /
|c by Marilyn Singer ; illustrated by Jerry Pinkney.
|
| 250 |
|
|
|a 1st American ed.
|
| 264 |
|
1 |
|a New York :
|b Macmillan ;
|a London :
|b Collier Macmillan,
|c [1989]
|
| 264 |
|
4 |
|c ©1989
|
| 300 |
|
|
|a 32 unnumbered pages :
|b color illustrations ;
|c 26 cm.
|
| 336 |
|
|
|a text
|b txt
|2 rdacontent
|
| 337 |
|
|
|a unmediated
|b n
|2 rdamedia
|
| 338 |
|
|
|a volume
|b nc
|2 rdacarrier
|
| 520 |
|
|
|a An illustrated collection about the activities of particular animals in each month of the year.
|
| 586 |
|
|
|a Texas Bluebonnet Award nominee, 1993.
|
| 650 |
|
0 |
|a Animals
|v Juvenile poetry.
|
| 650 |
|
0 |
|a Months
|v Juvenile poetry.
|
| 650 |
|
0 |
|a Children's poetry, American.
|
| 650 |
|
1 |
|a Animals
|x Poetry.
|
| 650 |
|
1 |
|a Months
|x Poetry.
|
| 650 |
|
1 |
|a Seasons
|x Poetry.
|
| 650 |
|
1 |
|a American poetry.
|
| 700 |
1 |
|
|a Pinkney, Jerry.
|
| 999 |
|
|
|a MARS
|
| 999 |
f |
f |
|s a4301fdf-e9a7-3335-8319-b4eb617531ba
|i aef850a6-0bf8-3989-9331-29d81d3dbd6d
|t 0
|
| 952 |
f |
f |
|p ric
|a Texas A&M University
|b Rellis Campus
|c Joint Library Facility
|d Remote Storage
|t 0
|e PS3569.I546 T87 1989
|h Library of Congress classification
|i unmediated -- volume
|m A14812992773
|
| 998 |
f |
f |
|a PS3569.I546 T87 1989
|t 0
|l Remote Storage
|